Легковые автоомобили (Запис номер 97957)
[ съкратено ]
| 000 -Лидер | |
|---|---|
| Контролно поле с фиксирана дължина | 01446nam a2200361 c 4500 |
| 003 - Код на организацията, давaща контролен номер | |
| Контролно поле | BLK |
| 005 - Дата и час на последна редакция | |
| Контролно поле | 20241109124800.0 |
| 008 - Елементи от данни с фиксирана дължина | |
| fixed length control field | 180409b bul|||||r ||||||| ||bul|| |
| 010 ## - Наследен системен номер | |
| LC control number | KNG00102875000 |
| 020 ## - Международен стандартен номер на книга ISBN | |
| Международен стандартен номер на книга ISBN | 0-7513-8773-8 |
| -- | издат.: Дорлинг Киндерсли Лтд |
| 040 ## - Източник на каталожния запис | |
| Идентификатор на билиотеката - собственик на записа | BLK |
| 041 ## - Код за език | |
| Код за езика на текст/звукозапис или на отделно заглавие | Руски |
| Код за езика КДБФ | Руски |
| 080 ## - УДК | |
| Текстов определител УДК | Автомобили. Автомобилостроене |
| УДК код - определител по УДК | 629.113 |
| УДК определител | (038) |
| УДК - код + определител | 629.113(038) |
| 139 ## - Редно поле | |
| Редна дума | Легковые автоомобили |
| Авторски знак | Лег - Л 37 |
| 245 10 - Сведения за заглавието | |
| Заглавие | Легковые автоомобили |
| Подзаглавни данни | Наглядный словарь |
| Редно поле (дума) | пер. с англ. Евгений Куранский. |
| 257 ## - Страна на издаване | |
| Страна на създаване/издаване | Великобритания |
| 260 ## - Област на издателските данни | |
| -- | Лондон ; Москва |
| Име на издателя, разпространителя и проч. | Дорлинг Киндерсли Лтд |
| Година на издаване | 2000 |
| Печатница | Словакия : Тлачарне ББ |
| 300 ## - Физическа характеристика | |
| Страници | 64 с. |
| Илюстрации и др. | с цв. ил. |
| Размери/Мащаб | 32 см |
| 380 ## - Жанр | |
| Жанр | Техника |
| 490 1# - СЕРИИ (Колекции) | |
| Име на серия | Серия наглядных словарей |
| 500 ## - Общи забележки | |
| Забележка | Ориг. загл. The Visual Dictionary of Cars. - Офс. изд. |
| 650 #4 - Допълнително описание по предмет – тема | |
| Основно описание – тема или топоним | Автомобили, леки |
| 9 (RLIN) | 249111 |
| 653 ## - Ключова дума – ненормативна | |
| Ключова дума | леки коли |
| 653 ## - Ключова дума – ненормативна | |
| Ключова дума | автомобили |
| 653 ## - Ключова дума – ненормативна | |
| Ключова дума | речници |
| 700 1# - Други автори (авторска отговорност) | |
| Лично име | Куранский, Евгений |
| Автороска отговорност (Описва отношението между автора и произведението) | пер. с англ. |
| 9 (RLIN) | 85782 |
| 852 ## - Местоположение | |
| Форматна сигнатура | Цб ІІ 11456 |
| 856 4# - Електронен адрес и достъп | |
| Електронен формат | pdf - файл |
| Път до файла /url/ | |
| 856 4# - Електронен адрес и достъп | |
| Електронен формат | pdf - файл |
| Път до файла /url/ | |
| 942 ## - АРТИКУЛИ | |
| Вид на библиотечния материал | Книги |
| Скрит в OPAC | Не |
| Koha issues (borrowed), all copies | 6 |
| 944 ## - СЪЗДАВАНЕ И РЕДАКЦИЯ на ЗАПИСА | |
| Създаване/Редакция | Създаване |
| Дата на регистрацията/редакция | 01.01.2000 |
| Служител, извършил регистрацията/редакцията | 30552 |
| Статус, дата на статуса | Виолета Тройчева |
| 944 ## - СЪЗДАВАНЕ И РЕДАКЦИЯ на ЗАПИСА | |
| Създаване/Редакция | Редакция |
| Дата на регистрацията/редакция | 07.01.2017 |
| Служител, извършил регистрацията/редакцията | Людмила_Стоянова |
| 999 ## - СИСТЕМНИ КОНТРОЛНИ НОМЕРА | |
| Koha biblionumber | 97957 |
| Koha biblioitemnumber | 97957 |
| Код за отписване | Код за изгубен артикул | Код за повреда | Коз за рестрикции | Код за отдаване | Артикулен № | Име на библиотеката - собственик | Име на библиотеката, в която се намира в момента | Статус (Текущо местоположение) | Дата на вписване в системата | Местоположение - отдел | Цена в лева | Инвентарен номер | Систематично азбучна сигнатура | Баркод | Номер на екземпляра | Цена в евро | Служебна бележка | Служебен тип на артикула |
|---|---|---|---|---|---|---|---|---|---|---|---|---|---|---|---|---|---|---|
| Не е изгубен | Не е повреден | без рестрикции | заемане за дома | 157732 | Регионална библиотека "Любен Каравелов" Русе | Регионална библиотека "Любен Каравелов" Русе | Детски отдел | 2002-09-04 | Детски отдел | 8.80 | 120000671901 | ДН 629/Л 37 | 120000671901 | 1 | 4.50 | Дост: DA Вид: А N: 31 Дата: 02.09.2002 Дата инв: 20.08.2015 Бележки инв: Д2015 | Книги |